[Event "4NCL-chT rapid"]
[Site "Daventry"]
[Date "2013.10.05"]
[Round "2.6"]
[White "Lunn, Matthew"]
[Black "Cox, John J"]
[Result "0-1"]
[WhiteElo "2045"]
[BlackElo "2387"]
[PlyCount "76"]
[EventDate "2013.10.05"]
[EventType "team-swiss (rapid)"]
[EventRounds "7"]
[EventCountry "ENG"]
[SourceTitle "CBM 156 Extra"]
[Source "ChessBase"]
[SourceDate "2013.10.22"]
[SourceVersion "1"]
[SourceVersionDate "2013.10.22"]
[SourceQuality "1"]
[WhiteTeam "CSC"]
[BlackTeam "Barbican"]
[WhiteTeamCountry "ENG"]
[BlackTeamCountry "ENG"]

1. d4 d5 2. c4 c6 3. Nf3 Nf6 4. Nbd2 g6 5. e3 Bg7 6. Bd3 0-0 7. 0-0 Nbd7 8. h3 c5 9. b3 b6 10. Bb2 Bb7 11. cxd5 Nxd5 12. a3 Rc8 13. Rc1 a6 14. Nb1 cxd4 15. Rxc8 Qxc8 16. Bxd4 e5 17. Bb2 Re8 18. Bc4 Qc6 19. Qd2 b5 20. Be2 Nc5 21. Qc2 f6 22. Rc1 Rc8 23. Nbd2 Qe6 24. Qd1 Bf8 25. Nf1 Nb6 26. N1d2 Nd5 27. Nf1 Ne4 28. Rxc8 Qxc8 29. Bd3 Nec3 30. Qc2 Be7 31. N1d2 Qc6 32. Ne4 Nxe4 33. Qxc6 Bxc6 34. Bxe4 Kf7 35. Kf1 Nxe3+ 36. fxe3 Bxe4 37. Nd2 Bd3+ 38. Kf2 Ke6 0-1

[Event "4NCL-chT rapid"]
[Site "Daventry"]
[Date "2013.10.05"]
[Round "7.6"]
[White "Lunn, Matthew"]
[Black "Josse, Mark"]
[Result "0-1"]
[WhiteElo "2045"]
[BlackElo "2173"]
[PlyCount "48"]
[EventDate "2013.10.05"]
[EventType "team-swiss (rapid)"]
[EventRounds "7"]
[EventCountry "ENG"]
[SourceTitle "CBM 156 Extra"]
[Source "ChessBase"]
[SourceDate "2013.10.22"]
[SourceVersion "1"]
[SourceVersionDate "2013.10.22"]
[SourceQuality "1"]
[WhiteTeam "CSC"]
[BlackTeam "SMPS"]
[WhiteTeamCountry "ENG"]
[BlackTeamCountry "ENG"]

1. d4 d5 2. c4 dxc4 3. e3 e5 4. Bxc4 exd4 5. exd4 Bd6 6. Nf3 Nf6 7. 0-0 0-0 8. Nc3 h6 9. h3 Nc6 10. Re1 Bf5 11. a3 a6 12. d5 Ne7 13. Ba2 Re8 14. Be3 Ng6 15. Nd4 Bd7 16. Qd2 Nh5 17. Bb1 Nhf4 18. Nf3 Qc8 19. Bxg6 Nxg6 20. Rad1 Bxh3 21. Nd4 Bxg2 22. Kxg2 Qg4+ 23. Kf1 Qh3+ 24. Ke2 Nf4# 0-1

[Event "Sunningdale e2e4 op"]
[Site "Ascot"]
[Date "2013.05.27"]
[Round "6"]
[White "Lunn, Matthew"]
[Black "Varnam, Liam"]
[Result "1/2-1/2"]
[WhiteElo "2004"]
[BlackElo "2118"]
[PlyCount "66"]
[EventDate "2013.05.24"]
[EventType "swiss"]
[EventRounds "7"]
[EventCountry "ENG"]
[SourceTitle "CBM 154 Extra"]
[Source "ChessBase"]
[SourceDate "2013.06.25"]
[SourceVersion "2"]
[SourceVersionDate "2013.06.25"]
[SourceQuality "1"]

1. d4 d5 2. c4 dxc4 3. Nf3 Nf6 4. e3 e6 5. Bxc4 c5 6. 0-0 a6 7. Bb3 b5 8. a4 b4 9. e4 Bb7 10. e5 Ne4 11. Nbd2 Nxd2 12. Bxd2 cxd4 13. Bg5 Be7 14. Bxe7 Qxe7 15. Qxd4 0-0 16. Qe3 Nd7 17. Bc2 Rac8 18. Rac1 Nc5 19. Rfd1 Bd5 20. b3 Rc7 21. Ng5 h6 22. Ne4 Nxe4 23. Bxe4 Bxe4 24. Qxe4 Rd8 25. Rxd8+ Qxd8 26. Re1 Qd2 27. g3 Rc1 28. Rxc1 Qxc1+ 29. Kg2 Qc3 30. Qa8+ Kh7 31. Qe4+ g6 32. Qe3 Kg7 33. Kf3 Qc6+ 1/2-1/2